000 00424nmm a2200145Ia 4500
008 251105s9999||||xx |||||||||||||||||und||
041 _aspa
100 _aLaurens, Stephanie
245 0 _aLa promesa en un beso. Serie Los Cynster, Precuela
264 _a[Madrid, España] :
_bEdiciones B,
_c2014
300 _a384 páginas
650 _aRomance
856 _uhttps://public.digitaliapublishing.com/a/52996
942 _cCF
999 _c105125
_d105125